Statistics for Official Languages of Ethiopia

Click here to take the quiz!

General Stats

  • This quiz has been taken 34 times
  • The average score is 4 of 5

Answer Stats

Languages% Correct
Amharic
100%
Somali
96%
Tigrinya
96%
Afar
81%
Oromo
58%

Score Distribution

Percentile by Number Answered

Percent of People with Each Score

Your Score History

You have not taken this quiz